| 000 | 02860nam0a2200409 4500 | ||
|---|---|---|---|
| 001 | RU\NLR\BIBL_A\012017773 | ||
| 005 | 20190617164417.0 | ||
| 010 |
_a978-5-94809-998-9 _9500 |
||
| 021 |
_aRU _bКН-П-19-028623 _9КН-П-19-2154 |
||
| 035 | _a(NLR Aleph) 012017773 | ||
| 035 | _a(RuMoRGB)009957282 | ||
| 090 |
_a11483579 _c11483579 |
||
| 100 | _a20190521d2018 k y0rusy50 ca | ||
| 101 | 0 | _arus | |
| 102 | _aRU | ||
| 105 | _aa|||z|||000zy | ||
| 200 | 1 |
_aДинамика развития национальной экономики в условиях цифровизации: стратегические и институциональные факторы _eмонография _f[Т.И. Либерман, канд. экон. наук, доцент, Е.Ю. Коротаева, преподаватель, Е.С. Татаринова, преподаватель и др. _gпод ред. д.э.н., проф. Графовой Г.Ф., к.э.н., доц. Шахватовой С.А.] _gФедеральное государственное бюджетное образовательное учреждение высшего образования "Российская академия народного хозяйства и государственный службы при Президенте Российской Федерации", Липецкий филиал |
|
| 210 |
_aЕлец _cФедеральное государственное бюджетное образовательное учреждение высшего образования "Елецкий государственный университет им. И.А. Бунина" _d2018 |
||
| 215 |
_a201 с. _cил., табл. _d20 |
||
| 300 | _aАвт. указаны на обороте тит. л. | ||
| 320 | _aБиблиогр.: с. 193-200 (94 назв.) и в конце разд. | ||
| 606 | 1 |
_aПредприятия _xЭкономическая безопасность _xУправление _yРоссийская Федерация _2nlr_sh2 _3RU\NLR\AUTH\661568315 |
|
| 607 |
_aРоссийская Федерация _xЭкономическая политика _2nlr_sh1 _2nlr_sh2 _3RU\NLR\AUTH\66976953 |
||
| 686 | 1 | _aУ9(2)-971-21(2Р) | |
| 686 | 1 | _aУ9(2)-18(2Р) | |
| 686 | 1 | _aУ29(2) | |
| 701 | 1 |
_aЛиберман _bТ. И. |
|
| 701 | 1 |
_aКоротаева _bЕ. Ю. |
|
| 701 | 1 |
_aТатаринова _bЕ. С. |
|
| 702 | 1 |
_aГрафова _bГ. Ф. _gГалина Федоровна _4340 |
|
| 712 | 0 | 2 |
_aРоссийская академия народного хозяйства и государственной службы _bЛипецкий филиал _3RU\NLR\AUTH\880465609 _4570 |
| 942 | _cBOOK | ||
| 980 | _aNBR | ||
| 980 | _aNB | ||